Central Library OPAC University of Rajshahi

Art & existentialism / (Record no. 28318)

MARC details
000 -LEADER
fixed length control field 00794nam a22002771 4500
001 - CONTROL NUMBER
control field 28318
003 - CONTROL NUMBER IDENTIFIER
rucl marc code BD-RjUL
005 - DATE AND TIME OF LATEST TRANSACTION
control field 20211209051251.0
008 - FIXED-LENGTH DATA ELEMENTS--GENERAL INFORMATION
fixed length control field 140330s1962 nju b 001 0 eng d
035 ## - SYSTEM CONTROL NUMBER
System control number (BD-RjUL)28399
040 ## - CATALOGING SOURCE
Original cataloging agency DLC
Transcribing agency DLC
Modifying agency DLC
-- BD-RjUL
Language of cataloging eng
041 ## - LANGUAGE CODE
Language code of text/sound track or separate title eng
082 00 - DEWEY DECIMAL CLASSIFICATION NUMBER
Classification number 701
Author mark and year FAA 1962
100 1# - MAIN ENTRY--PERSONAL NAME
Personal name Fallico, Arturo B.
9 (RLIN) 86734
245 10 - TITLE STATEMENT
Title Art & existentialism /
Statement of responsibility, etc. Arturo B. Fallico.
260 ## - PUBLICATION, DISTRIBUTION, ETC. (IMPRINT)
Place of publication, distribution, etc. Englewood Cliffs, N.J. :
Name of publisher, distributor, etc. Prentice-Hall,
Date of publication, distribution, etc. 1962.
300 ## - PHYSICAL DESCRIPTION
Pagination xii, 175 p. ;
Size 21 cm.
490 0# - SERIES STATEMENT
Series statement A Spectrum book,
Volume/sequential designation S-42
504 ## - BIBLIOGRAPHY, ETC. NOTE
Bibliography, etc Includes bibliographical references and index.
650 #0 - SUBJECT ADDED ENTRY--TOPICAL TERM
Topical term or geographic name as entry element Art
General subdivision Philosophy.
9 (RLIN) 53278
Topical term or geographic name as entry element Aesthetics.
9 (RLIN) 86735
Topical term or geographic name as entry element Existentialism.
9 (RLIN) 86736
942 ## - ADDED ENTRY ELEMENTS (KOHA)
Source of classification or shelving scheme Dewey Decimal Classification
Koha item type Books
Holdings
Lost status Source of classification or shelving scheme Damaged status Not for loan Collection code Permanent Location Current Location Shelving location Date acquired Source of acquisition Cost, normal purchase price Total Checkouts Full call number Date last seen Copy number Koha item type
  Dewey Decimal Classification   Added to bundle Non-fiction Central Library, University of Rajshahi Central Library, University of Rajshahi Reading Room 11/05/1968 Zeitlinger. 19.00   701 FAA 1962 30/03/2014 C-1 Books
  Dewey Decimal Classification     Non-fiction Central Library, University of Rajshahi Central Library, University of Rajshahi   11/05/1968 Zeitlinger. 19.00   701 FAA 1962 30/03/2014 C-2 Books